| 000 | 01072cam a22002892 4500 | ||
|---|---|---|---|
| 001 | 74401 | ||
| 003 | BD-RjUL | ||
| 005 | 20211209082539.0 | ||
| 008 | 19 s1921 enkb 000 0 eng u | ||
| 035 | _aOCLC ocm01088365 from D970603M | ||
| 040 |
_cBMC _dNYP _dEQO _aBD-RjUL _beng |
||
| 041 | _aeng | ||
| 043 | _af-sj--- | ||
| 082 |
_223 _a962.4 _bMAS 1921 |
||
| 100 | 1 |
_aMartin, Percy F. _q(Percy Falcke), _d1861-1941. _9228340 |
|
| 245 | 1 | 4 |
_aThe Sudan in evolution : _ba study of the economic, financial, and administrative conditions of the Anglo-Egyptian Sudan / _cby Percy F. Martin. With a foreword by General Sir F. Reginald Wingate. |
| 260 |
_aLondon : _bConstable and Co., Ltd., _c1921. |
||
| 300 |
_axxxvi, 559 p. _bfold. map. (in pocket) _c23 cm. |
||
| 651 | 0 |
_aSudan. _9228341 |
|
| 651 | 0 |
_aSudan _xPolitics and government. _9228342 |
|
| 651 | 0 |
_aSudan _xEconomic conditions. _9228343 |
|
| 942 |
_2ddc _cBK |
||
| 999 |
_c74401 _d74401 |
||